000 00527nam a2200181Ia 4500
999 _c29626
_d29626
003 OSt
005 20201228143049.0
008 190216s9999||||xx |||||||||||||| ||und||
020 _a9788126406630
040 _coclc
082 _a894.8121
_bKUR/P
100 _aKurup, O N V
_97466
245 0 _aPushkin: Swathanthryabodhathinte Duranthagatha /
_cO N V Kurup
260 _bDc Books,
_c2008.
_aKottayam:
300 _a120p
650 _aKavithkal
942 _cBK
_2ddc
_h894.8121
_iKUR/P
_k894.8121
_mKUR/P